Centenario de la Casa Provincial de Maternidad
Descripción Física:
Il·lustracions
Colección:
San Jorge,
; núm. 13 (gener 1954), pàg. 87-92
MARC
| LEADER | 00000naa a2200000 a 4500 | ||
|---|---|---|---|
| 003 | Arxiu | ||
| 005 | 20260324181048.0 | ||
| 008 | 160829s1954 spcaxx s spc c | ||
| 040 | |a agdb | ||
| 245 | 0 | 0 | |a Centenario de la Casa Provincial de Maternidad |
| 300 | |b Il·lustracions | ||
| 490 | |a San Jorge, |v núm. 13 (gener 1954), pàg. 87-92 | ||
| 590 | |a Inclou els següents actes commemoratius: Primera piedra del Pabellón Cambó; Lápida conmemorativa del XXXV Congreso Eucarístico Interncional; Exposición de gráficas, estadísticas, fotografía y proyectos; Conferencias; Homenaje póstumo a los doctores Zariquiey y Guilera | ||
| 610 | 2 | 0 | |9 54817 |a Casa de Maternitat i Expòsits de Barcelona |x Centenaris, etc. |
| 773 | |g Núm. 13 (gener 1954), pàg. 87-92 |t San Jorge. | ||
| 901 | |a Arxiu | ||
| 942 | |n 1 |2 udc |c ART | ||
| 952 | |0 0 |1 0 |4 0 |6 REV509 |7 1 |9 64753 |a Arxiu |b Arxiu |d 2022-12-13 |l 0 |o Rev-509 |r 2022-12-13 00:00:00 |w 2022-12-13 |y ARXIU |z També disponible a Rev-523 | ||
| 999 | |c 52655 |d 52655 | ||